[Event "XI MFSz PERLA BALTYKU"]
[Site "Lazy"]
[Date "2015.07.06"]
[Round "8.12"]
[White "Kowalski, Igor"]
[Black "Mielczarski, Miroslaw"]
[Result "1-0"]
[WhiteElo "2106"]
[BlackElo "2191"]
[PlyCount "157"]
[EventDate "2015.??.??"]

1. c4 e6 2. Nc3 d5 3. cxd5 exd5 4. d4 c6 5. Qc2 g6 6. Bf4 Bf5 7. Qd2 Nf6 8. Nf3
Bg7 9. h3 O-O 10. g4 Ne4 11. Nxe4 Bxe4 12. Bg2 Nd7 13. Bg5 f6 14. Bf4 Qe7 15.
O-O Rfe8 16. Rac1 a5 17. Qc3 Bf8 18. a3 a4 19. Rfe1 Qe6 20. Nd2 Bxg2 21. Kxg2
f5 22. g5 Rec8 23. Nf3 Bg7 24. Qb4 b5 25. Bd6 Nb6 26. Bc5 Nc4 27. Nd2 f4 28.
Nf3 Re8 29. Qc3 Rad8 30. Ra1 Rd7 31. b3 axb3 32. Qxb3 Rb7 33. a4 Reb8 34. a5
Bf8 35. a6 Rd7 36. Qb4 Ra7 37. Ra2 Nb6 38. Bxf8 Rxf8 39. Qc5 Rb8 40. Rc1 Qe8
41. Qxc6 Qxc6 42. Rxc6 b4 43. Nd2 Nc4 44. Nxc4 dxc4 45. Rxc4 b3 46. Rb2 Rxa6
47. Rc3 Rab6 48. Kf3 Rb4 49. Rd3 Rd8 50. Rbxb3 Rdxd4 51. Rxd4 Rxd4 52. Rb8+ Kf7
53. Rb7+ Kg8 54. Re7 Ra4 55. Re4 Ra3+ 56. Kg4 f3 57. e3 Ra1 58. Kxf3 Kf7 59.
Rh4 Kg7 60. Rb4 Rh1 61. Kg2 Ra1 62. Rb7+ Kg8 63. e4 Re1 64. f3 Re2+ 65. Kg3 Re1
66. h4 Rg1+ 67. Kf4 Rh1 68. Kg3 Rg1+ 69. Kh2 Rf1 70. Kg2 Re1 71. Re7 Re2+ 72.
Kg3 Re1 73. Ra7 Re2 74. Kf4 Rh2 75. Ke5 Rxh4 76. f4 Rg4 77. f5 gxf5 78. Kf6 h6
79. g6 1-0

[Event "XI MFSz PERLA BALTYKU"]
[Site "Lazy"]
[Date "2015.07.06"]
[Round "8.13"]
[White "Eggink, Mateusz"]
[Black "Baumann, Dariusz"]
[Result "0-1"]
[WhiteElo "2177"]
[BlackElo "2108"]
[PlyCount "76"]
[EventDate "2015.??.??"]

1. e4 e5 2. Nf3 Nc6 3. d4 exd4 4. Bc4 Nf6 5. e5 d5 6. Bb5 Ne4 7. Nxd4 Bd7 8.
Bxc6 bxc6 9. O-O Be7 10. f3 Ng5 11. f4 Ne4 12. c3 Qc8 13. Be3 O-O 14. Nd2 f5
15. Nxe4 fxe4 16. f5 a5 17. e6 Be8 18. g4 Qb7 19. b3 c5 20. Nc2 Bb5 21. Rf2
Rad8 22. Qc1 Bd3 23. Bg5 c6 24. Ne1 Ba6 25. c4 dxc4 26. bxc4 Rd4 27. Nc2 e3 28.
Bxe3 Rxg4+ 29. Rg2 Rxg2+ 30. Kxg2 Bxc4 31. Rb1 Qa7 32. Qd2 Bd5+ 33. Kg3 Rxf5
34. Bf4 g5 35. Bb8 Rf3+ 36. Kg4 Qa6 37. Ne3 Rxe3 38. Qxe3 Qc4+ 0-1

[Event "XI MFSz PERLA BALTYKU"]
[Site "Lazy"]
[Date "2015.07.06"]
[Round "8.14"]
[White "Krainski, Aleksander"]
[Black "Karwowski, Kacper"]
[Result "0-1"]
[WhiteElo "2165"]
[BlackElo "2003"]
[PlyCount "82"]
[EventDate "2015.??.??"]

1. Nf3 Nf6 2. d4 g6 3. Bf4 Bg7 4. e3 O-O 5. Be2 d6 6. O-O Nbd7 7. h3 Qe8 8. Bh2
c6 9. Nbd2 h6 10. Re1 Kh7 11. Bf1 b5 12. a4 bxa4 13. e4 Nb6 14. c3 Nfd7 15. e5
dxe5 16. Nxe5 Nxe5 17. Bxe5 Be6 18. Bd3 Qd8 19. Bxg7 Kxg7 20. Ne4 Bf5 21. Nc5
Bxd3 22. Qxd3 Re8 23. Qc2 Rc8 24. Nxa4 Nxa4 25. Rxa4 c5 26. dxc5 Rxc5 27. Rxa7
Rd5 28. Qe2 Rd2 29. Qe5+ Kg8 30. b4 Rc2 31. Rc7 e6 32. Ra1 Rf8 33. Qg3 Qf6 34.
b5 Rd8 35. Rf1 e5 36. Rc6 Rd6 37. Rc5 e4 38. c4 Qd4 39. Rc8+ Kg7 40. Qb3 Qd3
41. Qa4 Qxf1+ 0-1

[Event "XI MFSz PERLA BALTYKU"]
[Site "Lazy"]
[Date "2015.07.06"]
[Round "8.15"]
[White "Nowak, Lukasz"]
[Black "Miturova, Magdalena"]
[Result "1/2-1/2"]
[WhiteElo "2116"]
[BlackElo "2149"]
[PlyCount "62"]
[EventDate "2015.??.??"]

1. e4 e5 2. Nf3 Nc6 3. Bb5 a6 4. Ba4 Nf6 5. O-O Be7 6. Re1 b5 7. Bb3 O-O 8. c3
d5 9. exd5 e4 10. dxc6 exf3 11. d4 fxg2 12. Bf4 Bd6 13. Bg3 Bxg3 14. hxg3 Re8
15. Nd2 Bg4 16. f3 Qd6 17. Kxg2 Qxc6 18. Qc2 h5 19. Qg6 Be6 20. Qg5 Rad8 21.
Kf2 Bd5 22. Bxd5 Rxd5 23. Rxe8+ Qxe8 24. Qe3 Qd7 25. Ne4 Rf5 26. Nxf6+ Rxf6 27.
Re1 Qh3 28. Qe8+ Kh7 29. Qe4+ g6 30. Qh4 Qf5 31. Qe4 Qh3 1/2-1/2

[Event "XI MFSz PERLA BALTYKU"]
[Site "Lazy"]
[Date "2015.07.06"]
[Round "8.16"]
[White "Pilzak, Marcin"]
[Black "Filewicz, Przemyslaw"]
[Result "1-0"]
[WhiteElo "2145"]
[BlackElo "2052"]
[PlyCount "55"]
[EventDate "2015.??.??"]

1. e4 c5 2. Nf3 d6 3. d4 cxd4 4. Nxd4 Nf6 5. Nc3 a6 6. Be2 e5 7. Nb3 Be6 8. f4
Qc7 9. g4 exf4 10. g5 Nfd7 11. Bxf4 Nc6 12. Qd2 Nde5 13. O-O-O O-O-O 14. Nd5
Bxd5 15. exd5 Na7 16. h4 Kb8 17. Na5 Qd7 18. Qb4 Ka8 19. Rh3 Ng6 20. Bh2 Rb8
21. Rb3 Be7 22. a4 f5 23. h5 Bxg5+ 24. Kb1 Ne5 25. Bxe5 dxe5 26. Nc4 Nc8 27.
Nxe5 Qd6 28. Nf7 1-0

[Event "XI MFSz PERLA BALTYKU"]
[Site "Lazy"]
[Date "2015.07.06"]
[Round "8.17"]
[White "Mazalon, Mariusz"]
[Black "Kowalski, Maciej"]
[Result "0-1"]
[WhiteElo "2058"]
[BlackElo "2107"]
[PlyCount "74"]
[EventDate "2015.??.??"]

1. d4 Nf6 2. c4 c6 3. Nf3 d5 4. e3 e6 5. Nc3 Nbd7 6. Qc2 Bd6 7. g4 dxc4 8. g5
Nd5 9. Bxc4 b5 10. Be2 Nxc3 11. bxc3 Bb7 12. e4 e5 13. Be3 O-O 14. dxe5 Nxe5
15. Nd4 Re8 16. Rd1 Qc7 17. Nf5 Bf8 18. f4 Nc4 19. Bxc4 bxc4 20. Rg1 c5 21. e5
Rad8 22. Kf2 Qc6 23. Qe2 Rd3 24. Rxd3 cxd3 25. Qxd3 Qf3+ 26. Ke1 Be4 27. Nh4
Qxf4 28. Bxf4 Bxd3 29. Kf2 c4 30. Nf3 Rb8 31. Rd1 g6 32. Be3 a5 33. Nd4 a4 34.
Nc6 Rb2+ 35. Rd2 a3 36. Nb4 Bxb4 37. cxb4 c3 0-1

[Event "XI MFSz PERLA BALTYKU"]
[Site "Lazy"]
[Date "2015.07.06"]
[Round "8.18"]
[White "Woloch, Oskar"]
[Black "Antolak, Julia"]
[Result "1-0"]
[WhiteElo "2092"]
[BlackElo "1987"]
[PlyCount "159"]
[EventDate "2015.??.??"]

1. d4 Nf6 2. c3 g6 3. Nf3 Bg7 4. Bg5 d6 5. Nbd2 Nbd7 6. e4 e5 7. Be2 O-O 8. O-O
c6 9. dxe5 dxe5 10. Qc2 Qc7 11. Rfe1 Nc5 12. Bf1 Ne6 13. Bh4 Nf4 14. Nc4 Re8
15. a4 Bg4 16. Nfd2 Be6 17. f3 b5 18. axb5 cxb5 19. Ne3 a6 20. Rec1 Nd7 21. Bf2
Bf8 22. g3 Nh5 23. c4 bxc4 24. Bxc4 Bxc4 25. Nd5 Qb7 26. Nxc4 Rac8 27. Qe2 Qb5
28. Kg2 Nhf6 29. Nxf6+ Nxf6 30. Be3 Bb4 31. Rc2 Rc6 32. b3 Rec8 33. Rd1 Be7 34.
Rd3 a5 35. Ra2 Bb4 36. Bg5 Ne8 37. Rd5 Rc5 38. Rxc5 Qxc5 39. Bd2 Nd6 40. Nxa5
Bxd2 41. Qxd2 Nb5 42. Nc4 Nd4 43. Ra5 Qc7 44. Qc3 Nxb3 45. Rxe5 Na5 46. Rxa5
Qxc4 47. Qxc4 Rxc4 48. Ra7 h5 49. Kh3 Rc2 50. f4 Re2 51. e5 Kg7 52. Rb7 Kf8 53.
Kh4 Rxh2+ 54. Kg5 Ra2 55. e6 Ra5+ 56. Kh6 fxe6 57. Kxg6 Ra3 58. Kf6 Ke8 59. Rg7
Re3 60. Rg5 Kf8 61. Rxh5 Ke8 62. Rh8+ Kd7 63. Rg8 Rf3 64. Rg7+ Kd6 65. Re7 Re3
66. f5 Rxg3 67. Rxe6+ Kd7 68. Re1 Rg2 69. Kf7 Rg3 70. Rd1+ Kc6 71. f6 Rg2 72.
Kf8 Rg3 73. f7 Rg2 74. Re1 Kd7 75. Rd1+ Kc7 76. Rd5 Kc6 77. Rh5 Kd7 78. Rh7 Kc6
79. Ke8 Ra2 80. Rh6+ 1-0

[Event "XI MFSz PERLA BALTYKU"]
[Site "Lazy"]
[Date "2015.07.06"]
[Round "8.19"]
[White "Smieszek, Wojciech"]
[Black "Januszkiewicz, Wojciech"]
[Result "1-0"]
[WhiteElo "2035"]
[BlackElo "2025"]
[PlyCount "75"]
[EventDate "2015.??.??"]

1. e4 c5 2. Nf3 d6 3. d4 Nf6 4. Nc3 cxd4 5. Nxd4 g6 6. Be3 Bg7 7. f3 O-O 8. Qd2
Nc6 9. Bc4 Nxd4 10. Bxd4 Be6 11. Bb3 Qa5 12. O-O-O b5 13. Kb1 Rfc8 14. h4 Bxb3
15. cxb3 b4 16. Ne2 e5 17. Be3 Rc6 18. a4 d5 19. exd5 Rd6 20. Qc1 Nxd5 21. Bc5
Rd7 22. Ng3 Rad8 23. Ne4 Nf4 24. Rxd7 Rxd7 25. Bxb4 Qd5 26. Qc4 Qxc4 27. bxc4
Nxg2 28. c5 f5 29. Ng5 Nf4 30. c6 Rc7 31. Rd1 Bf6 32. Rd6 h6 33. Ba5 Rc8 34.
Rxf6 hxg5 35. hxg5 Kg7 36. Rd6 Kf7 37. c7 Ne6 38. Rd8 1-0

[Event "XI MFSz PERLA BALTYKU"]
[Site "Lazy"]
[Date "2015.07.06"]
[Round "8.20"]
[White "Szustakowski, Antoni"]
[Black "Wacior, Maciej"]
[Result "1-0"]
[WhiteElo "1983"]
[BlackElo "1921"]
[PlyCount "69"]
[EventDate "2015.??.??"]

1. Nf3 Nf6 2. c4 g6 3. Nc3 Bg7 4. e4 d6 5. d4 Nbd7 6. Be2 O-O 7. O-O c6 8. Qc2
e5 9. Rd1 Qc7 10. a3 Re8 11. dxe5 dxe5 12. h3 Nf8 13. Be3 b6 14. b4 Bb7 15. c5
b5 16. Rd6 N8d7 17. Rad1 Bf8 18. R6d3 a5 19. g4 Nb8 20. Bg5 Nfd7 21. Qd2 Bc8
22. Bh6 axb4 23. axb4 Be7 24. Qb2 Nf8 25. Ng5 Ne6 26. Nxe6 Bxe6 27. Nd5 cxd5
28. exd5 Bd7 29. d6 Bxd6 30. Rxd6 Be6 31. Qd2 Ra3 32. Kh2 Na6 33. Qg5 f6 34.
Qxf6 Nxb4 35. Rd7 1-0

[Event "XI MFSz PERLA BALTYKU"]
[Site "Lazy"]
[Date "2015.07.06"]
[Round "8.21"]
[White "Kicinski, Jacek"]
[Black "Laszczak, Przemyslaw"]
[Result "1-0"]
[WhiteElo "2006"]
[BlackElo "1821"]
[PlyCount "119"]
[EventDate "2015.??.??"]

1. e4 c6 2. d4 d5 3. Nc3 dxe4 4. Nxe4 Bf5 5. Nc5 e6 6. Nxb7 Qb6 7. Nc5 Bxc5 8.
dxc5 Qxc5 9. c3 Nf6 10. Be3 Qe7 11. Nf3 O-O 12. Be2 Rd8 13. Qa4 Qb7 14. b3 Nbd7
15. O-O Nd5 16. Qd4 c5 17. Qd2 N7f6 18. Qc1 Nxe3 19. Qxe3 Nd5 20. Qxc5 Rac8 21.
Qa5 Nxc3 22. Bc4 Nd5 23. Rfd1 Qb6 24. Qxb6 Nxb6 25. Ba6 Rb8 26. Nd4 Be4 27. Nb5
Kf8 28. Rac1 Rxd1+ 29. Rxd1 Bb7 30. Bxb7 Rxb7 31. Kf1 Nd5 32. Nd4 Rd7 33. Rc1
Nb4 34. Rc8+ Ke7 35. Nc6+ Nxc6 36. Rxc6 Kf6 37. Ke2 g6 38. Ke3 h5 39. b4 Ke5
40. f4+ Kd5 41. b5 e5 42. fxe5 Kxe5 43. a4 Kf5 44. Rc8 Ke5 45. a5 Rd5 46. Rb8
Kf6 47. a6 Rd7 48. Rb7 Rd5 49. Ke4 Rg5 50. Kd4 Ke6 51. Kc4 Kd6 52. Rxa7 Rg4+
53. Kb3 Rxg2 54. Rb7 Rxh2 55. a7 Rh3+ 56. Kb4 Rh4+ 57. Ka5 Rh2 58. Rb6+ Kc7 59.
Ra6 Ra2+ 60. Kb4 1-0

[Event "XI MFSz PERLA BALTYKU"]
[Site "Lazy"]
[Date "2015.07.06"]
[Round "8.22"]
[White "Sliwicka, Alicja"]
[Black "Przerwa, Waldemar"]
[Result "1-0"]
[WhiteElo "2015"]
[BlackElo "1763"]
[PlyCount "95"]
[EventDate "2015.??.??"]

1. e4 c6 2. d4 d5 3. Nc3 g6 4. Nf3 Bg7 5. h3 dxe4 6. Nxe4 Nd7 7. Bc4 Ngf6 8.
Nxf6+ Nxf6 9. O-O O-O 10. Re1 Qc7 11. Qe2 e6 12. c3 Nd5 13. Bd2 a5 14. a4 Bd7
15. Ne5 Rfb8 16. Qf3 Be8 17. Bxd5 cxd5 18. Ng4 Qd8 19. Nh6+ Bxh6 20. Bxh6 Ra6
21. Re3 b5 22. Rae1 Bd7 23. Qf4 Rb7 24. Bg5 Qf8 25. Bh6 Qd8 26. Rf3 f5 27. Qe5
Bc8 28. g4 Qd6 29. Qe3 Bd7 30. gxf5 exf5 31. Qg5 Qf6 32. Qg3 Re6 33. Rxe6 Bxe6
34. Re3 Bf7 35. Bg5 Qg7 36. Qh4 h5 37. Bf6 Qf8 38. Rg3 Kh7 39. axb5 Rxb5 40.
Be7 Qh6 41. Ba3 Rb6 42. Qe7 Qg7 43. Re3 f4 44. Re5 Qf6 45. Qc7 f3 46. Be7 Qc6
47. Qd8 Qe8 48. Qxb6 1-0

[Event "XI MFSz PERLA BALTYKU"]
[Site "Lazy"]
[Date "2015.07.06"]
[Round "8.23"]
[White "Sciborowski, Miroslaw"]
[Black "Kokoszczynski, Jan"]
[Result "1/2-1/2"]
[WhiteElo "2029"]
[BlackElo "1988"]
[PlyCount "96"]
[EventDate "2015.??.??"]

1. d4 d5 2. Nf3 Bf5 3. c4 e6 4. Qb3 Nc6 5. cxd5 exd5 6. Bf4 Nb4 7. Na3 c6 8.
Rc1 h6 9. g3 Nf6 10. Bg2 a5 11. Ra1 Be7 12. O-O O-O 13. Rfc1 Ne4 14. Nb1 a4 15.
Qd1 c5 16. a3 Nc6 17. Nc3 Nxc3 18. Rxc3 Qb6 19. dxc5 Bxc5 20. Qxd5 Bxf2+ 21.
Kf1 Be6 22. Qd2 Rfd8 23. Rd3 Rxd3 24. exd3 Bd4 25. Nxd4 Qxd4 26. Qc3 Qd7 27.
Rd1 Rd8 28. Be3 Bg4 29. Rd2 Qf5+ 30. Kg1 Ne5 31. Be4 Qh5 32. Rf2 Bh3 33. Qc2 f5
34. Bxb7 Rxd3 35. Re2 Bg4 36. Re1 Qf7 37. Bg2 Qd7 38. Qf2 Rd1 39. h3 Rxe1+ 40.
Qxe1 Nf3+ 41. Bxf3 Bxf3 42. Kf2 Be4 43. Qc3 Kh7 44. Bd4 Qb7 45. h4 Bh1 46. Be5
Be4 47. Ke3 Bf3 48. Qd4 Qe4+ 1/2-1/2

[Event "XI MFSz PERLA BALTYKU"]
[Site "Lazy"]
[Date "2015.07.06"]
[Round "8.24"]
[White "Kaczmarska, Joanna"]
[Black "Szewczak, Andrzej"]
[Result "1-0"]
[WhiteElo "1876"]
[BlackElo "1887"]
[PlyCount "150"]
[EventDate "2015.??.??"]

1. d4 f5 2. c4 Nf6 3. Nc3 d5 4. cxd5 Nxd5 5. e4 Nf6 6. e5 Nd5 7. Bc4 e6 8. Nge2
c6 9. Nxd5 exd5 10. Bd3 Be7 11. Qc2 g6 12. Bd2 Be6 13. g3 a5 14. h4 Na6 15. a3
Nc7 16. h5 Kd7 17. Nf4 Qf8 18. Ke2 g5 19. Nxe6 Kxe6 20. f3 h6 21. g4 f4 22.
Bf5+ Kf7 23. Bg6+ Kg7 24. Rhe1 Qd8 25. Kf1 Rf8 26. Bh7 Qe8 27. b4 a4 28. Qd3
Nb5 29. Bc3 Kh8 30. Bb2 Qf7 31. Bg6 Qg7 32. Re2 Ra6 33. Rae1 Nc7 34. Qd1 Na8
35. Bd3 b5 36. Rc2 Rc8 37. Bxb5 Ra7 38. Rxc6 Rxc6 39. Bxc6 Nb6 40. Bb5 Qh7 41.
Bd3 Qg8 42. Qc1 Qd8 43. Re2 Rc7 44. Rc2 Rxc2 45. Qxc2 Qc8 46. Qxc8+ Nxc8 47.
Ke2 Nb6 48. Bb5 Kg7 49. Kd3 Kf7 50. Kc3 Ke6 51. Bc1 Bf8 52. Bd3 Kd7 53. b5 Kc7
54. Kb2 Be7 55. Bd2 Kb7 56. Ba5 Ka7 57. Bb4 Nc8 58. Bc5+ Kb7 59. Bxe7 Nxe7 60.
Kc3 Nc8 61. Kb4 Nb6 62. Kc5 Kc7 63. e6 Nc8 64. Kxd5 Kb6 65. Ke5 Kc7 66. d5 Nd6
67. e7 Kd7 68. Kf6 Ne8+ 69. Kf7 Nd6+ 70. Kf8 Kc7 71. e8=Q Nxe8 72. Kxe8 Kb6 73.
d6 Kc5 74. d7 Kd4 75. d8=Q+ Ke3 1-0

[Event "XI MFSz PERLA BALTYKU"]
[Site "Lazy"]
[Date "2015.07.07"]
[Round "9.1"]
[White "Tomczak, Jacek"]
[Black "Shishkin, Vadim"]
[Result "1/2-1/2"]
[WhiteElo "2579"]
[BlackElo "2507"]
[PlyCount "65"]
[EventDate "2015.??.??"]

1. e4 c5 2. Nf3 Nc6 3. d4 cxd4 4. Nxd4 Nf6 5. Nc3 d6 6. Bc4 e6 7. Be3 a6 8. f4
Be7 9. Qf3 O-O 10. O-O-O Qc7 11. Bb3 Bd7 12. g4 Nxd4 13. Bxd4 Bc6 14. g5 Nd7
15. h4 Nc5 16. f5 Nxb3+ 17. axb3 exf5 18. Qxf5 Rae8 19. Rhe1 Qd7 20. Qf4 f6 21.
g6 hxg6 22. Qg3 g5 23. hxg5 fxg5 24. Rh1 Rf4 25. Rh5 Ref8 26. Bxg7 Kxg7 27.
Rxg5+ Bxg5 28. Qxg5+ Kh8 29. Rh1+ Qh7 30. Rxh7+ Kxh7 31. Qh5+ Kg7 32. Qg5+ Kh7
33. Qh5+ 1/2-1/2

[Event "XI MFSz PERLA BALTYKU"]
[Site "Lazy"]
[Date "2015.07.07"]
[Round "9.2"]
[White "Nowicki, Bartosz"]
[Black "Mozharov, Mikhail"]
[Result "1/2-1/2"]
[WhiteElo "2018"]
[BlackElo "2564"]
[PlyCount "79"]
[EventDate "2015.??.??"]

1. e4 e5 2. Nf3 Nc6 3. Bb5 a6 4. Ba4 Nf6 5. O-O Be7 6. Re1 b5 7. Bb3 d6 8. a4
Bg4 9. c3 O-O 10. h3 Bh5 11. d3 Na5 12. Bc2 c5 13. Nbd2 Nc6 14. Nf1 Bg6 15. Ng3
Nd7 16. Nf5 Bxf5 17. exf5 Nb6 18. Nh2 Bg5 19. Qf3 Bxc1 20. Raxc1 d5 21. a5 Na4
22. Bxa4 bxa4 23. f6 Qxf6 24. Qxd5 Rab8 25. Rc2 Rfd8 26. Qxc5 Rxd3 27. Ng4 Qd6
28. Qxd6 Rxd6 29. Nxe5 Re8 30. Nf3 Rxe1+ 31. Nxe1 Rd1 32. Kf1 Nxa5 33. Ke2 Rb1
34. c4 Kf8 35. Nd3 Ke7 36. Ke3 Ra1 37. Nb4 a3 38. bxa3 Rxa3+ 39. Kd4 Ra4 40.
Kc3 1/2-1/2

[Event "XI MFSz PERLA BALTYKU"]
[Site "Lazy"]
[Date "2015.07.07"]
[Round "9.3"]
[White "Stremavicius, Titas"]
[Black "Stupak, Kirill"]
[Result "1/2-1/2"]
[WhiteElo "2442"]
[BlackElo "2552"]
[PlyCount "142"]
[EventDate "2015.??.??"]

1. d4 g6 2. e4 Bg7 3. Nf3 d6 4. c3 Nf6 5. Bd3 O-O 6. O-O Nbd7 7. h3 c6 8. Bf4
Nh5 9. Bh2 e5 10. Nbd2 Qf6 11. Nc4 Re8 12. Bc2 Bf8 13. Ne3 Qe7 14. Qd2 f6 15.
a4 Nb8 16. b4 Be6 17. d5 Bf7 18. dxc6 bxc6 19. Qd1 Nd7 20. Bb3 Bxb3 21. Qxb3+
Qf7 22. Qc2 Nb6 23. Qd3 d5 24. a5 dxe4 25. Qxe4 Nd5 26. Qc2 Rab8 27. a6 Red8
28. Nc4 c5 29. bxc5 Bxc5 30. Na5 Rdc8 31. Nb7 Bf8 32. Qd2 Nxc3 33. Nxe5 fxe5
34. Bxe5 Bg7 35. Bxb8 Rxb8 36. Rae1 Nf4 37. Re3 Qd5 38. Qxd5+ Nfxd5 39. Re6 Nc7
40. Re7 N3d5 41. Rd7 Nxa6 42. Nd8 Nac7 43. Nc6 Ra8 44. Rc1 Bf8 45. Ra1 a6 46.
Ra5 Rc8 47. g3 Nf6 48. Rd1 Re8 49. Kf1 Re6 50. Rc1 Nfd5 51. Ra4 Bg7 52. Nb4
Nxb4 53. Rxc7 Rb6 54. Ra5 Bf8 55. Re5 Rb8 56. Ra5 Bd6 57. Rd7 Rb6 58. h4 Nc6
59. Rg5 Be7 60. Rgd5 Bf8 61. h5 Rb5 62. hxg6 hxg6 63. Rxb5 axb5 64. Rb7 Nd4 65.
f4 b4 66. Ke1 Kh8 67. g4 Kg8 68. Kd2 b3 69. Ke3 Bg7 70. Ke4 Ne6 71. Rb8+ Bf8
1/2-1/2

[Event "XI MFSz PERLA BALTYKU"]
[Site "Lazy"]
[Date "2015.07.07"]
[Round "9.4"]
[White "Rudolf, Michal"]
[Black "Fraczek, Daniel"]
[Result "0-1"]
[WhiteElo "2322"]
[BlackElo "2411"]
[PlyCount "112"]
[EventDate "2015.??.??"]

1. d4 e6 2. c4 c5 3. d5 exd5 4. cxd5 d6 5. Nc3 g6 6. e4 Bg7 7. Bd3 a6 8. a4 Ne7
9. Nge2 O-O 10. O-O Nd7 11. Bg5 h6 12. Bh4 g5 13. Bg3 Ne5 14. f4 gxf4 15. Nxf4
N7g6 16. Qd2 Qg5 17. Rad1 Bd7 18. Be2 Nxf4 19. Bxf4 Qg6 20. Rde1 Rab8 21. a5 b6
22. Bxa6 b5 23. b3 b4 24. Nd1 Ra8 25. Bd3 Rxa5 26. Re3 Nxd3 27. Rxd3 Bd4+ 28.
Rxd4 cxd4 29. Qxb4 Ra2 30. Nf2 Rc8 31. Qxd4 Rcc2 32. Bg3 Bb5 33. Re1 Qg5 34.
Qd1 Be2 35. Qd4 Bb5 36. Qd1 Be2 37. Qd4 Rc1 38. Nh3 Rxe1+ 39. Bxe1 Qc1 40. Qc3
Qxc3 41. Bxc3 Rc2 42. Bb4 Bd3 43. Bxd6 Bxe4 44. Nf4 Rd2 45. b4 Bxd5 46. Nxd5
Rxd5 47. Bc5 f5 48. Kf2 Kf7 49. Kf3 h5 50. h3 Kg6 51. g4 Rd3+ 52. Kf4 fxg4 53.
hxg4 h4 54. Bg1 Rb3 55. Bf2 h3 56. Bg1 Rb2 0-1

[Event "XI MFSz PERLA BALTYKU"]
[Site "Lazy"]
[Date "2015.07.07"]
[Round "9.5"]
[White "Lewtak, Damian"]
[Black "Chomczyk, Marek"]
[Result "1-0"]
[WhiteElo "2325"]
[BlackElo "2090"]
[PlyCount "113"]
[EventDate "2015.??.??"]

1. e4 e5 2. Nf3 Nc6 3. Bb5 a6 4. Bxc6 dxc6 5. O-O Ne7 6. Nc3 Ng6 7. d4 Bg4 8.
dxe5 Bb4 9. Qd4 Qxd4 10. Nxd4 Bxc3 11. bxc3 Nxe5 12. h3 Bd7 13. Bf4 Nc4 14.
Bxc7 O-O 15. Rfd1 Rac8 16. Bf4 c5 17. Nb3 Ba4 18. f3 b6 19. Kf2 Nb2 20. Re1 Bb5
21. g4 Rfd8 22. g5 Rd7 23. e5 Rcd8 24. Kg3 Bc4 25. a4 a5 26. Reb1 Nd1 27. Nd2
Nxc3 28. Nxc4 Ne2+ 29. Kh2 Nxf4 30. Rxb6 Rd4 31. Nxa5 Rd2+ 32. Kh1 g6 33. Nc6
Rd1+ 34. Rxd1 Rxd1+ 35. Kh2 Rd2+ 36. Kg1 Rxc2 37. a5 Rc1+ 38. Kf2 Rc2+ 39. Ke3
Nd5+ 40. Kd3 Rc3+ 41. Kd2 Ra3 42. Rb5 Ra2+ 43. Kd3 Nf4+ 44. Kc4 Ne6 45. Kb3 Ra1
46. Kb2 Ra4 47. Rb3 Nc7 48. Ra3 Rh4 49. a6 Rxh3 50. a7 Rh2+ 51. Kb3 Kg7 52. Kc4
Rc2+ 53. Rc3 Ra2 54. Kxc5 h6 55. gxh6+ Kxh6 56. Rb3 Ra6 57. Kd6 1-0

[Event "XI MFSz PERLA BALTYKU"]
[Site "Lazy"]
[Date "2015.07.07"]
[Round "9.6"]
[White "Zebracki, Tomasz"]
[Black "Kubicka, Anna"]
[Result "0-1"]
[WhiteElo "2114"]
[BlackElo "2014"]
[PlyCount "46"]
[EventDate "2015.??.??"]

1. e4 d6 2. d4 Nf6 3. Nc3 Nbd7 4. f4 e5 5. Nf3 exd4 6. Qxd4 Be7 7. Bd2 a6 8.
O-O-O O-O 9. h3 b5 10. g4 c5 11. Qe3 b4 12. Ne2 Qa5 13. Kb1 d5 14. Ng3 dxe4 15.
Nxe4 Bb7 16. Nxf6+ Bxf6 17. Bc1 Nb6 18. Rh2 Nd5 19. Qf2 Bxb2 20. Bxb2 Nc3+ 21.
Bxc3 bxc3 22. Ka1 Qa3 23. Rb1 Bd5 0-1

[Event "XI MFSz PERLA BALTYKU"]
[Site "Lazy"]
[Date "2015.07.07"]
[Round "9.7"]
[White "Eggink, Ryszard"]
[Black "Kowalski, Igor"]
[Result "1/2-1/2"]
[WhiteElo "2316"]
[BlackElo "2106"]
[PlyCount "43"]
[EventDate "2015.??.??"]

1. e4 e6 2. d4 d5 3. Nd2 c5 4. exd5 Qxd5 5. Ngf3 cxd4 6. Bc4 Qd7 7. O-O Nf6 8.
Nb3 Nc6 9. Nbxd4 Nxd4 10. Nxd4 a6 11. Bf4 b5 12. Bd3 Bb7 13. Nf3 Be7 14. Qe2
O-O 15. a3 Qc6 16. Rfd1 Nh5 17. Bg3 Nxg3 18. hxg3 Bf6 19. c4 bxc4 20. Bxc4 Rac8
21. Rac1 Qb6 22. b4 1/2-1/2

[Event "XI MFSz PERLA BALTYKU"]
[Site "Lazy"]
[Date "2015.07.07"]
[Round "9.8"]
[White "Baumann, Dariusz"]
[Black "Niekras, Dawid"]
[Result "1/2-1/2"]
[WhiteElo "2108"]
[BlackElo "2276"]
[PlyCount "93"]
[EventDate "2015.??.??"]

1. d4 d5 2. c4 e6 3. Nc3 Nf6 4. cxd5 exd5 5. Bg5 Nbd7 6. e3 Be7 7. Bd3 Nb6 8.
Qc2 Nh5 9. Bxe7 Qxe7 10. Nge2 g6 11. O-O-O Be6 12. Kb1 O-O-O 13. h3 Ng7 14. Na4
Nxa4 15. Qxa4 Kb8 16. Ka1 Bf5 17. Nc1 Rd6 18. Rhe1 h5 19. Bxf5 Nxf5 20. Nd3 Nh4
21. g3 Nf3 22. Rh1 h4 23. g4 f5 24. gxf5 gxf5 25. Qb3 Rg8 26. Nf4 Qe4 27. Rhf1
Rgd8 28. Qd3 c6 29. Rc1 Qxd3 30. Nxd3 Rg8 31. Nf4 Rd7 32. Rcd1 Kc7 33. Kb1 Kd6
34. Kc2 Rdg7 35. Kd3 Rg5 36. Rc1 R5g7 37. Ke2 Ng1+ 38. Kd2 Nf3+ 39. Kd3 a6 40.
Ke2 Ng1+ 41. Kd2 Nf3+ 42. Kd3 Re7 43. Rcd1 Reg7 44. Ke2 Ng1+ 45. Kd2 Nf3+ 46.
Kd3 Rg5 47. Ke2 1/2-1/2

[Event "XI MFSz PERLA BALTYKU"]
[Site "Lazy"]
[Date "2015.07.07"]
[Round "9.9"]
[White "Karwowski, Kacper"]
[Black "Lewicki, Miroslaw"]
[Result "0-1"]
[WhiteElo "2003"]
[BlackElo "2224"]
[PlyCount "90"]
[EventDate "2015.??.??"]

1. e4 c5 2. c3 d5 3. exd5 Qxd5 4. d4 Nf6 5. Nf3 Bg4 6. Be2 e6 7. O-O Nbd7 8. h3
Bh5 9. Be3 Be7 10. dxc5 Bxc5 11. Nd4 Bxe2 12. Qxe2 O-O 13. Rd1 Qe5 14. Nd2 Nd5
15. Nc4 Qe4 16. Nf3 Rac8 17. Qd3 Qxd3 18. Rxd3 b5 19. Nce5 N7b6 20. Bxc5 Rxc5
21. Rd4 Rc7 22. Nd3 Ne7 23. Nc1 f6 24. Ne2 e5 25. Rdd1 Kf7 26. Nd2 h6 27. f4
exf4 28. Ne4 g5 29. Nd4 Rd8 30. Nxb5 Rcd7 31. Rxd7 Rxd7 32. a4 Nc4 33. b3 Ne3
34. Ra2 Rd1+ 35. Kf2 Nc6 36. Nd2 Rh1 37. Nc4 Nd1+ 38. Ke2 a6 39. Nbd6+ Ke6 40.
Kd3 Ne5+ 41. Nxe5 fxe5 42. Ne4 Re1 43. Re2 Rg1 44. b4 Ne3 45. g3 Nd5 0-1

[Event "XI MFSz PERLA BALTYKU"]
[Site "Lazy"]
[Date "2015.07.07"]
[Round "9.11"]
[White "Mulet, Piotr"]
[Black "Lewtak, Dominik"]
[Result "1-0"]
[WhiteElo "2220"]
[BlackElo "2153"]
[PlyCount "97"]
[EventDate "2015.??.??"]

1. c4 e5 2. Nc3 Nf6 3. g3 Nc6 4. Bg2 Bc5 5. d3 O-O 6. Nf3 d6 7. O-O h6 8. Na4
Re8 9. Nd2 Bb6 10. a3 Bf5 11. Nb3 Qc8 12. Nxb6 axb6 13. e4 Bh3 14. Be3 Bxg2 15.
Kxg2 Ng4 16. h3 Nxe3+ 17. fxe3 Rf8 18. Qh5 Qe6 19. Rf2 b5 20. Nd2 bxc4 21. dxc4
Na5 22. Rc1 b6 23. Qf3 c6 24. g4 Rad8 25. b4 Nb7 26. h4 Ra8 27. Rc3 Nd8 28. Nf1
Qe7 29. Kh3 Ra4 30. Qd1 Qa7 31. Qxd6 Rxa3 32. Qxe5 Ra2 33. Rcc2 Rxc2 34. Rxc2
Ne6 35. Rd2 Qa3 36. Qb2 Qa6 37. Qa2 Qc8 38. Ng3 g6 39. Qa7 h5 40. Qd7 hxg4+ 41.
Kxg4 Qa8 42. Rf2 Qa3 43. Rf3 c5 44. h5 gxh5+ 45. Nxh5 Qa2 46. Qd5 Qb2 47. Nf6+
Kg7 48. Qf5 Rd8 49. Ne8+ 1-0

[Event "XI MFSz PERLA BALTYKU"]
[Site "Lazy"]
[Date "2015.07.07"]
[Round "9.12"]
[White "Woloch, Oskar"]
[Black "Pilzak, Marcin"]
[Result "1/2-1/2"]
[WhiteElo "2092"]
[BlackElo "2145"]
[PlyCount "74"]
[EventDate "2015.??.??"]

1. e4 e6 2. b3 d5 3. Bb2 dxe4 4. Nc3 Nf6 5. g4 h6 6. Bg2 Bd7 7. Nxe4 Nxe4 8.
Bxe4 Bc6 9. Qe2 Bxe4 10. Qxe4 Qd5 11. Qxd5 exd5 12. O-O-O f6 13. f4 Nd7 14.
Re1+ Kf7 15. Nf3 Bd6 16. f5 Rae8 17. Kd1 Be5 18. d4 Bf4 19. Bc1 Bd6 20. c3
Rxe1+ 21. Rxe1 Re8 22. Rxe8 Kxe8 23. h4 Kf7 24. Ke2 Nb6 25. Kd3 Nc8 26. c4 h5
27. gxh5 Ne7 28. cxd5 Nxf5 29. Be3 Bg3 30. Ke4 Nd6+ 31. Kd3 Nf5 32. Ke4 Nd6+
33. Kd3 Kg8 34. Nd2 Nf5 35. Ne4 Bh2 36. Nc5 b6 37. Ne6 Nxh4 1/2-1/2

[Event "XI MFSz PERLA BALTYKU"]
[Site "Lazy"]
[Date "2015.07.07"]
[Round "9.13"]
[White "Kowalski, Maciej"]
[Black "Nowak, Kamil"]
[Result "0-1"]
[WhiteElo "2107"]
[BlackElo "2123"]
[PlyCount "66"]
[EventDate "2015.??.??"]

1. e4 c5 2. Ne2 d6 3. g3 Nc6 4. Bg2 g6 5. O-O Bg7 6. c3 e5 7. d3 Nge7 8. Be3
O-O 9. Na3 Be6 10. d4 cxd4 11. cxd4 d5 12. f4 exd4 13. Nxd4 Qb6 14. Nac2 Bxd4
15. Bxd4 Nxd4 16. Qxd4 dxe4 17. Bxe4 Rfd8 18. Qxb6 axb6 19. a3 Rd2 20. Rad1
Rad8 21. Ne3 Nc6 22. Rxd2 Rxd2 23. Rf2 Rd4 24. Bf3 Rd3 25. Nc2 Kg7 26. Kg2 b5
27. Be4 Rb3 28. Na1 Re3 29. Bf3 Rd3 30. Nc2 f5 31. Re2 Kf6 32. Kf2 Bc4 33. Nb4
Rxf3+ 0-1